Quiz des régions françaises #5: Centre-Val de Loire - Statistiques

Statistiques générales
  • Ce quiz a été pris 348 fois
  • Le résultat moyen est 15 sur 20
Statistiques - réponses
Question Réponse % Correct
Région limitrophe Pays de la Loire
98%
Préfecture Orléans
95%
Départements de la Région Loiret
93%
Ville la plus peuplée Tours
93%
Région limitrophe Île-de-France
92%
Départements de la Région Indre
91%
Départements de la Région Loir-et-Cher
90%
Départements de la Région Indre-et-Loire
89%
Départements de la Région Cher
86%
Départements de la Région Eure-et-Loir
83%
Région limitrophe Auvergne-Rhône-Alpes
78%
Région limitrophe Bourgogne-Franche-Comté
77%
Région limitrophe Normandie
77%
Région limitrophe Nouvelle-Aquitaine
77%
Château où est mort Léonard de Vinci Château d'Amboise
55%
Plante pour la fabrication de l'huile, dont la région est la première productrice Colza
55%
Ville résidence royale sous Louis XII Blois
53%
Province historique ayant Bourges pour capitale Berry
44%
Il est à l'origine de la phrase "Cogito ergo sum" René Descartes
43%
L'auteur dont le vrai nom est Aurore Dupin George Sand
40%
Aucun quiz correspondant
Distribution des résultats
% des personnes avec chaque résultat
Percentile par nombre de réponses
Votre historique - résultats
Vous n’avez pas pris ce quiz